[Event "Gonzaga Classic Masters 2020"]
[Site "Dublin/"]
[Date "2020.01.26"]
[Round "5.6"]
[White "Lalic, Bogdan"]
[Black "Saric, Ante"]
[Result "1/2-1/2"]
[WhiteElo "2402"]
[BlackElo "2559"]
[Annotator "ChessBase"]
[PlyCount "22"]
[EventDate "2020.01.24"]
[EventType "swiss"]
[EventCountry "IRL"]
[SourceTitle "playchess.com"]
[Source "ChessBase"]
[SourceQuality "1"]
[TimeControl "5400+30"]

1. d4 {[%emt 0:00:00]} e6 {[%emt 0:00:00]} 2. c4 {[%emt 0:00:00]} Nf6 {[%emt 0:00:00]} 3. Nf3 {[%emt 0:00:00]} Bb4+ {[%emt 0:00:00]} 4. Nbd2 {[%emt 0:00:00]} O-O {[%emt 0:00:00]} 5. a3 {[%emt 0:00:00]} Be7 {[%emt 0:00:00]} 6. e4 {[%emt 0:00:01]} d6 {[%emt 0:00:00]} 7. Be2 {[%emt 0:00:06]} c5 {[%emt 0:00:03]} 8. d5 {[%emt 0:00:08]} exd5 {[%emt 0:00:04]} 9. cxd5 {[%emt 0:00:05]} a6 {[%emt 0:00:05]} 10. a4 {[%emt 0:00:10]} Bg4 {[%emt 0:00:03]} 11. O-O {[%emt 0:00:09]} Nbd7 {[%emt 0:00:04]} 1/2-1/2

[Event "Gonzaga Classic Masters 2020"]
[Site "Dublin/"]
[Date "2020.01.26"]
[Round "5.7"]
[White "O`Donnell, Conor"]
[Black "Greet, Andrew N"]
[Result "1-0"]
[WhiteElo "2307"]
[BlackElo "2425"]
[Annotator "NA"]
[PlyCount "57"]
[EventDate "2020.01.24"]
[EventType "swiss"]
[EventCountry "IRL"]
[SourceTitle "playchess.com"]
[Source "ChessBase"]
[SourceQuality "1"]
[TimeControl "5400+30"]

1. d4 {[%emt 0:00:40]} d5 {[%emt 0:00:00]} 2. c4 {[%emt 0:00:12]} e6 {[%emt 0:00:00]} 3. Nc3 {[%emt 0:00:11]} Bb4 {[%emt 0:00:00]} 4. Qa4+ {[%emt 0:01:50]} Nc6 {[%emt 0:00:00]} 5. Nf3 {[%emt 0:00:06]} Nf6 {[%emt 0:05:06]} 6. e3 {[%emt 0:02:35]} O-O {[%emt 0:00:41]} 7. Bd2 {[%emt 0:01:08]} dxc4 {[%emt 0:01:26]} 8. Bxc4 {[%emt 0:00:17]} Bd6 {[%emt 0:00:17]} 9. Qc2 {[%emt 0:01:11]} e5 {[%emt 0:00:50]} 10. dxe5 {[%emt 0:00:12]} Nxe5 {[%emt 0:00:05]} 11. Nxe5 {[%emt 0:00:14]} Bxe5 {[%emt 0:00:04]} 12. f4 {[%emt 0:00:56]} Bxc3 {[%emt 0:04:41]} 13. Bxc3 {[%emt 0:00:10]} Re8 {[%emt 0:00:53]} 14. O-O {[%emt 0:05:46]} b6 {[%emt 0:13:46]} 15. Rad1 {[%emt 0:13:31]} Qe7 {[%emt 0:00:23]} 16. Bxf6 {[%emt 0:07:32]} gxf6 {[%emt 0:10:57]} 17. Rf3 {[%emt 0:07:45]} Bb7 {[%emt 0:01:35]} 18. Bd5 {[%emt 0:07:37]} Bxd5 {[%emt 0:01:41]} 19. Rxd5 {[%emt 0:00:09]} Qe4 {[%emt 0:01:13]} 20. Qd1 {[%emt 0:03:40]} c5 {[%emt 0:04:45]} 21. Rg3+ {[%emt 0:05:39]} Kf8 {[%emt 0:12:30]} 22. h3 {[%emt 0:01:04]} Rac8 {[%emt 0:01:20]} 23. Kh2 {[%emt 0:39:05]} a5 {[%emt 0:05:04]} 24. Rd7 {[%emt 0:00:00]} Qe6 {[%emt 0:03:15]} 25. Rd6 {[%emt 0:00:00]} Qxa2 {[%emt 0:05:14]} 26. Rxb6 {[%emt 0:00:00]} Re6 {[%emt 0:02:10]} 27. Qg4 {[%emt 0:00:00]} Ke7 {[%emt 0:01:32]} 28. Rb7+ {[%emt 0:00:00]} Kd6 {[%emt 0:00:21]} 29. Qd1+ {[%emt 0:00:00]} 1-0

[Event "Gonzaga Classic Masters 2020"]
[Site "Dublin/"]
[Date "2020.01.26"]
[Round "5.8"]
[White "Margolin, Boris"]
[Black "Daly, Colm"]
[Result "1/2-1/2"]
[WhiteElo "2396"]
[BlackElo "2238"]
[Annotator "NA"]
[PlyCount "102"]
[EventDate "2020.01.24"]
[EventType "swiss"]
[EventCountry "IRL"]
[SourceTitle "playchess.com"]
[Source "ChessBase"]
[SourceQuality "1"]
[TimeControl "5400+30"]

1. e4 {[%emt 0:00:00]} c5 {[%emt 0:03:15]} 2. Nf3 {[%emt 0:00:46]} e6 {[%emt 0:00:33]} 3. c3 {[%emt 0:01:16]} d5 {[%emt 0:00:32]} 4. e5 {[%emt 0:00:48]} Ne7 {[%emt 0:00:15]} 5. d4 {[%emt 0:01:29]} Nec6 {[%emt 0:00:07]} 6. a3 {[%emt 0:07:15]} a5 {[%emt 0:00:14]} 7. Be3 {[%emt 0:06:09]} Nd7 {[%emt 0:00:22]} 8. Nbd2 {[%emt 0:00:51]} Be7 {[%emt 0:00:10]} 9. Bd3 {[%emt 0:00:42]} cxd4 {[%emt 0:00:57]} 10. cxd4 {[%emt 0:00:05]} Nb6 {[%emt 0:00:06]} 11. O-O {[%emt 0:03:49]} Bd7 {[%emt 0:00:05]} 12. Qe2 {[%emt 0:02:07]} a4 {[%emt 0:00:07]} 13. Rac1 {[%emt 0:00:55]} Na5 {[%emt 0:00:11]} 14. Rc2 {[%emt 0:06:32]} Rc8 {[%emt 0:01:10]} 15. Rxc8 {[%emt 0:08:05]} Bxc8 {[%emt 0:06:10]} 16. Ne1 {[%emt 0:02:11]} h5 {[%emt 0:00:36]} 17. g3 {[%emt 0:01:26]} Bd7 {[%emt 0:00:54]} 18. h4 {[%emt 0:02:32]} Bc6 {[%emt 0:01:23]} 19. Ndf3 {[%emt 0:03:07]} Nbc4 {[%emt 0:00:28]} 20. Ng2 {[%emt 0:04:28]} Qb6 {[%emt 0:04:04]} 21. Rb1 {[%emt 0:01:40]} Bb5 {[%emt 0:07:08]} 22. Bg5 {[%emt 0:08:54]} Bf8 {[%emt 0:06:23]} 23. Bd2 {[%emt 0:06:25]} Nb3 {[%emt 0:00:37]} 24. Bxc4 {[%emt 0:01:59]} Bxc4 {[%emt 0:00:39]} 25. Qe3 {[%emt 0:04:20]} Be7 {[%emt 0:14:49]} 26. Bc3 {[%emt 0:01:11]} g6 {[%emt 0:04:47]} 27. Rd1 {[%emt 0:00:34]} Qb5 {[%emt 0:01:01]} 28. Nf4 {[%emt 0:00:36]} Kd7 {[%emt 0:00:13]} 29. Kg2 {[%emt 0:02:56]} b6 {[%emt 0:00:29]} 30. Nd2 {[%emt 0:01:05]} Nxd2 {[%emt 0:01:03]} 31. Qxd2 {[%emt 0:00:03]} Bf8 {[%emt 0:14:50]} 32. Nh3 {[%emt 0:01:23]} Bh6 {[%emt 0:00:15]} 33. Ng5 {[%emt 0:00:30]} Kc8 {[%emt 0:05:47]} 34. Qf4 {[%emt 0:01:26]} Bxg5 {[%emt 0:00:10]} 35. hxg5 {[%emt 0:00:37]} Qd7 {[%emt 0:00:18]} 36. Qf6 {[%emt 0:01:04]} Re8 {[%emt 0:00:45]} 37. Rh1 {[%emt 0:02:17]} Kb7 {[%emt 0:04:58]} 38. g4 {[%emt 0:01:10]} Ka6 {[%emt 0:06:02]} 39. gxh5 {[%emt 0:00:43]} gxh5 {[%emt 0:00:25]} 40. Rxh5 {[%emt 0:01:08]} Bd3 {[%emt 0:00:06]} 41. Rh6 {[%emt 0:02:09]} Rg8 {[%emt 0:01:53]} 42. Qf4 {[%emt 0:02:18]} Be4+ {[%emt 0:01:21]} 43. f3 {[%emt 0:00:58]} Bf5 {[%emt 0:00:59]} 44. Qe3 {[%emt 0:01:47]} Qb5 {[%emt 0:00:22]} 45. Kf2 {[%emt 0:01:03]} Qc4 {[%emt 0:00:31]} 46. Rh1 {[%emt 0:00:27]} Rc8 {[%emt 0:00:36]} 47. Qe2 {[%emt 0:00:32]} Bd3 {[%emt 0:00:25]} 48. Qd2 {[%emt 0:00:02]} Bg6 {[%emt 0:00:59]} 49. Qe2 {[%emt 0:00:16]} Bd3 {[%emt 0:00:06]} 50. Qe3 {[%emt 0:01:16]} Bg6 {[%emt 0:00:12]} 51. Qe2 {[%emt 0:00:35]} Bd3 {[%emt 0:00:05]} 1/2-1/2

[Event "Gonzaga Classic Masters 2020"]
[Site "Dublin/"]
[Date "2020.01.26"]
[Round "5.9"]
[White "Fox, Anthony"]
[Black "Fitzsimons, David"]
[Result "0-1"]
[WhiteElo "2003"]
[BlackElo "2317"]
[Annotator "NA"]
[PlyCount "72"]
[EventDate "2020.01.24"]
[EventType "swiss"]
[EventCountry "IRL"]
[SourceTitle "playchess.com"]
[Source "ChessBase"]
[SourceQuality "1"]
[TimeControl "5400+30"]

1. e4 {[%emt 0:00:00]} c5 {[%emt 0:00:00]} 2. Nc3 {[%emt 0:00:00]} Nc6 {[%emt 0:00:00]} 3. g3 {[%emt 0:00:22]} g6 {[%emt 0:00:00]} 4. Bg2 {[%emt 0:00:06]} Bg7 {[%emt 0:00:00]} 5. d3 {[%emt 0:00:19]} d6 {[%emt 0:00:00]} 6. f4 {[%emt 0:00:14]} e6 {[%emt 0:00:33]} 7. Nf3 {[%emt 0:01:20]} Nge7 {[%emt 0:00:08]} 8. O-O {[%emt 0:00:11]} O-O {[%emt 0:00:05]} 9. Be3 {[%emt 0:01:23]} Nd4 {[%emt 0:00:22]} 10. Qd2 {[%emt 0:01:31]} Rb8 {[%emt 0:00:20]} 11. Nd1 {[%emt 0:03:22]} b5 {[%emt 0:01:45]} 12. c3 {[%emt 0:00:54]} Nxf3+ {[%emt 0:00:09]} 13. Bxf3 {[%emt 0:00:11]} b4 {[%emt 0:03:13]} 14. d4 {[%emt 0:02:18]} Ba6 {[%emt 0:01:35]} 15. Re1 {[%emt 0:02:54]} bxc3 {[%emt 0:02:09]} 16. bxc3 {[%emt 0:00:42]} cxd4 {[%emt 0:00:58]} 17. cxd4 {[%emt 0:00:58]} d5 {[%emt 0:00:35]} 18. e5 {[%emt 0:01:40]} Nc6 {[%emt 0:00:21]} 19. Be2 {[%emt 1:21:05]} Qb6 {[%emt 0:02:13]} 20. Bxa6 {[%emt 0:00:00]} Qxa6 {[%emt 0:00:09]} 21. Nf2 {[%emt 0:00:00]} Qa4 {[%emt 0:03:55]} 22. Rab1 {[%emt 0:00:00]} Na5 {[%emt 0:02:09]} 23. Qd1 {[%emt 0:00:00]} Qxd1 {[%emt 0:01:51]} 24. Rexd1 {[%emt 0:00:00]} Nc4 {[%emt 0:00:17]} 25. Rxb8 {[%emt 0:00:00]} Rxb8 {[%emt 0:01:17]} 26. Rd3 {[%emt 0:00:00]} Rb1+ {[%emt 0:02:13]} 27. Kg2 {[%emt 0:00:00]} h5 {[%emt 0:00:51]} 28. Kf3 {[%emt 0:00:00]} Ra1 {[%emt 0:01:01]} 29. h3 {[%emt 0:00:00]} Rxa2 {[%emt 0:00:15]} 30. g4 {[%emt 0:00:00]} hxg4+ {[%emt 0:00:19]} 31. hxg4 {[%emt 0:00:00]} a5 {[%emt 0:00:12]} 32. Nd1 {[%emt 0:00:00]} Bf8 {[%emt 0:01:13]} 33. Nc3 {[%emt 0:00:00]} Rc2 {[%emt 0:00:10]} 34. Na4 {[%emt 0:00:00]} Bb4 {[%emt 0:00:14]} 35. f5 {[%emt 0:00:00]} gxf5 {[%emt 0:00:38]} 36. gxf5 {[%emt 0:00:00]} Ra2 {[%emt 0:00:27]} 0-1

[Event "Gonzaga Classic Masters 2020"]
[Site "Dublin/"]
[Date "2020.01.26"]
[Round "5.10"]
[White "Peoples, Jonathon"]
[Black "Delaney, Killian"]
[Result "1/2-1/2"]
[WhiteElo "1909"]
[BlackElo "2278"]
[Annotator "NA"]
[PlyCount "108"]
[EventDate "2020.01.24"]
[EventType "swiss"]
[EventCountry "IRL"]
[SourceTitle "playchess.com"]
[Source "ChessBase"]
[SourceQuality "1"]
[TimeControl "5400+30"]

1. d4 {[%emt 0:00:00]} d5 {[%emt 0:00:00]} 2. c4 {[%emt 0:00:00]} e6 {[%emt 0:00:21]} 3. Nc3 {[%emt 0:00:00]} c5 {[%emt 0:00:18]} 4. cxd5 {[%emt 0:00:08]} cxd4 {[%emt 0:00:08]} 5. Qxd4 {[%emt 0:01:14]} Nc6 {[%emt 0:00:10]} 6. Qd1 {[%emt 0:01:33]} exd5 {[%emt 0:00:08]} 7. Qxd5 {[%emt 0:00:44]} Qc7 {[%emt 0:00:08]} 8. Bg5 {[%emt 0:02:32]} h6 {[%emt 0:02:18]} 9. Bh4 {[%emt 0:02:17]} Bb4 {[%emt 0:03:56]} 10. e3 {[%emt 0:05:51]} Be6 {[%emt 0:00:42]} 11. Qd2 {[%emt 0:02:00]} Nge7 {[%emt 0:00:33]} 12. Bb5 {[%emt 0:05:08]} Nf5 {[%emt 0:01:11]} 13. Bg3 {[%emt 0:00:22]} Nxg3 {[%emt 0:00:08]} 14. hxg3 {[%emt 0:00:05]} Rd8 {[%emt 0:01:20]} 15. Qc2 {[%emt 0:01:16]} a6 {[%emt 0:00:16]} 16. Be2 {[%emt 0:03:29]} O-O {[%emt 0:00:47]} 17. Nf3 {[%emt 0:00:48]} Na5 {[%emt 0:16:51]} 18. O-O {[%emt 0:07:19]} Rc8 {[%emt 0:05:22]} 19. Rfc1 {[%emt 0:02:09]} Bxc3 {[%emt 0:03:54]} 20. bxc3 {[%emt 0:01:00]} Rfd8 {[%emt 0:00:14]} 21. Nd4 {[%emt 0:00:48]} Qe5 {[%emt 0:02:19]} 22. Nxe6 {[%emt 0:03:58]} Qxe6 {[%emt 0:00:06]} 23. Rd1 {[%emt 0:02:04]} Rxd1+ {[%emt 0:03:04]} 24. Rxd1 {[%emt 0:00:07]} b5 {[%emt 0:00:05]} 25. Rd4 {[%emt 0:03:04]} Nc6 {[%emt 0:05:27]} 26. Bg4 {[%emt 0:01:51]} Nxd4 {[%emt 0:00:12]} 27. Bxe6 {[%emt 0:00:02]} Nxc2 {[%emt 0:00:35]} 28. Bxc8 {[%emt 0:00:04]} a5 {[%emt 0:01:34]} 29. Bf5 {[%emt 0:00:52]} Na3 {[%emt 0:00:20]} 30. Bd3 {[%emt 0:00:07]} Kf8 {[%emt 0:00:18]} 31. Kf1 {[%emt 0:01:18]} Ke7 {[%emt 0:00:13]} 32. Ke2 {[%emt 0:00:31]} Kd6 {[%emt 0:00:07]} 33. Kd2 {[%emt 0:00:12]} Kc5 {[%emt 0:00:10]} 34. Kc1 {[%emt 0:00:19]} b4 {[%emt 0:00:19]} 35. Kb2 {[%emt 0:00:35]} a4 {[%emt 0:01:04]} 36. f3 {[%emt 0:02:17]} Nc4+ {[%emt 0:03:44]} 37. Bxc4 {[%emt 0:00:09]} Kxc4 {[%emt 0:00:01]} 38. cxb4 {[%emt 0:00:15]} Kxb4 {[%emt 0:00:03]} 39. a3+ {[%emt 0:00:09]} Kc4 {[%emt 0:00:02]} 40. Kc2 {[%emt 0:00:07]} f5 {[%emt 0:00:12]} 41. e4 {[%emt 0:07:24]} fxe4 {[%emt 0:00:06]} 42. fxe4 {[%emt 0:00:02]} Kd4 {[%emt 0:00:07]} 43. e5 {[%emt 0:00:03]} Kxe5 {[%emt 0:00:07]} 44. Kc3 {[%emt 0:00:02]} Kf5 {[%emt 0:05:18]} 45. Kb4 {[%emt 0:00:23]} Kg4 {[%emt 0:00:03]} 46. Kxa4 {[%emt 0:00:05]} Kxg3 {[%emt 0:00:05]} 47. Kb3 {[%emt 0:00:07]} Kxg2 {[%emt 0:00:09]} 48. a4 {[%emt 0:00:03]} h5 {[%emt 0:00:04]} 49. a5 {[%emt 0:00:05]} h4 {[%emt 0:00:07]} 50. a6 {[%emt 0:00:39]} h3 {[%emt 0:00:03]} 51. a7 {[%emt 0:00:04]} h2 {[%emt 0:00:08]} 52. a8=Q+ {[%emt 0:00:05]} Kg1 {[%emt 0:00:12]} 53. Qa1+ {[%emt 0:00:16]} Kg2 {[%emt 0:00:10]} 54. Qxg7+ {[%emt 0:00:05]} Kh1 {[%emt 0:00:12]} 1/2-1/2

[Event "Gonzaga Classic Masters 2020"]
[Site "Dublin/"]
[Date "2020.01.26"]
[Round "5.11"]
[White "Suleiman AlMousa"]
[Black "Melaugh, Shane"]
[Result "1-0"]
[WhiteElo "1997"]
[BlackElo "2207"]
[Annotator "NA"]
[PlyCount "65"]
[EventDate "2020.01.24"]
[EventType "swiss"]
[EventCountry "IRL"]
[SourceTitle "playchess.com"]
[Source "ChessBase"]
[SourceQuality "1"]
[TimeControl "5400+30"]

1. d4 {[%emt 0:00:00]} e6 {[%emt 0:00:00]} 2. c4 {[%emt 0:00:00]} f5 {[%emt 0:00:00]} 3. Nf3 {[%emt 0:00:00]} Nf6 {[%emt 0:00:00]} 4. g3 {[%emt 0:00:00]} Be7 {[%emt 0:00:00]} 5. Bg2 {[%emt 0:00:00]} O-O {[%emt 0:00:00]} 6. O-O {[%emt 0:00:00]} d6 {[%emt 0:00:00]} 7. Nc3 {[%emt 0:00:03]} Ne4 {[%emt 0:00:00]} 8. Qc2 {[%emt 0:01:11]} Nxc3 {[%emt 0:00:00]} 9. Qxc3 {[%emt 0:00:46]} Bf6 {[%emt 0:00:05]} 10. Rd1 {[%emt 0:05:31]} Qe8 {[%emt 0:00:18]} 11. Bg5 {[%emt 0:03:38]} Nd7 {[%emt 0:01:50]} 12. c5 {[%emt 0:09:39]} Nxc5 {[%emt 0:06:25]} 13. Bxf6 {[%emt 0:06:39]} Ne4 {[%emt 0:00:14]} 14. Qxc7 {[%emt 0:00:15]} Rxf6 {[%emt 0:00:05]} 15. Nd2 {[%emt 0:02:01]} Rf7 {[%emt 0:00:06]} 16. Qc2 {[%emt 0:04:30]} d5 {[%emt 0:00:26]} 17. Nf3 {[%emt 0:04:47]} Bd7 {[%emt 0:02:44]} 18. Rdc1 {[%emt 0:13:15]} Rc8 {[%emt 0:02:42]} 19. Qd1 {[%emt 0:00:03]} Bc6 {[%emt 0:01:04]} 20. Ne5 {[%emt 0:01:03]} Rfc7 {[%emt 0:00:05]} 21. Bxe4 {[%emt 0:07:22]} dxe4 {[%emt 0:00:27]} 22. Rc3 {[%emt 0:03:21]} Bd5 {[%emt 0:05:46]} 23. Rac1 {[%emt 0:10:22]} Rxc3 {[%emt 0:03:13]} 24. Rxc3 {[%emt 0:02:08]} Bxa2 {[%emt 0:01:15]} 25. Qc2 {[%emt 0:08:20]} Rxc3 {[%emt 0:00:20]} 26. Qxc3 {[%emt 0:01:36]} Bd5 {[%emt 0:00:15]} 27. e3 {[%emt 0:02:35]} Qd8 {[%emt 0:02:08]} 28. h3 {[%emt 0:05:08]} h6 {[%emt 0:00:20]} 29. Kh2 {[%emt 0:00:42]} Kh7 {[%emt 0:00:15]} 30. Qa3 {[%emt 0:01:15]} a5 {[%emt 0:01:31]} 31. Qc5 {[%emt 0:00:56]} b6 {[%emt 0:03:38]} 32. Qb5 {[%emt 0:00:28]} Kh8 {[%emt 0:06:10]} 33. Nf7+ {[%emt 0:00:06]} 1-0

[Event "Gonzaga Classic Masters 2020"]
[Site "Dublin/"]
[Date "2020.01.26"]
[Round "5.12"]
[White "Venkatesan, Kavin"]
[Black "Murray, David"]
[Result "1-0"]
[WhiteElo "1815"]
[BlackElo "2140"]
[Annotator "NA"]
[PlyCount "99"]
[EventDate "2020.01.24"]
[EventType "swiss"]
[EventCountry "IRL"]
[SourceTitle "playchess.com"]
[Source "ChessBase"]
[SourceQuality "1"]
[TimeControl "5400+30"]

1. d4 {[%emt 0:00:00]} Nf6 {[%emt 0:00:00]} 2. c4 {[%emt 0:00:00]} g6 {[%emt 0:00:00]} 3. Nc3 {[%emt 0:00:00]} d5 {[%emt 0:00:00]} 4. cxd5 {[%emt 0:00:10]} Nxd5 {[%emt 0:00:02]} 5. Bd2 {[%emt 1:32:20]} Nb6 {[%emt 0:00:58]} 6. e3 {[%emt 0:00:00]} Bg7 {[%emt 0:00:15]} 7. Nf3 {[%emt 0:00:00]} O-O {[%emt 0:02:22]} 8. Bd3 {[%emt 0:00:00]} e5 {[%emt 0:01:33]} 9. Ne2 {[%emt 0:00:00]} exd4 {[%emt 0:00:34]} 10. exd4 {[%emt 0:00:00]} Bg4 {[%emt 0:01:27]} 11. Be4 {[%emt 0:00:00]} Nc6 {[%emt 0:02:20]} 12. Bc3 {[%emt 0:00:00]} Nd5 {[%emt 0:03:52]} 13. O-O {[%emt 0:00:00]} Re8 {[%emt 0:02:52]} 14. Ng3 {[%emt 0:00:00]} Qd7 {[%emt 0:03:59]} 15. h3 {[%emt 0:00:00]} Be6 {[%emt 0:01:48]} 16. Re1 {[%emt 0:00:00]} Rad8 {[%emt 0:01:28]} 17. Qd2 {[%emt 0:00:00]} Nf6 {[%emt 0:08:50]} 18. Rad1 {[%emt 0:00:00]} Bxa2 {[%emt 0:13:54]} 19. d5 {[%emt 0:00:00]} Nxe4 {[%emt 0:02:37]} 20. Nxe4 {[%emt 0:00:00]} Qf5 {[%emt 0:07:08]} 21. Bxg7 {[%emt 0:00:00]} Rxe4 {[%emt 0:05:20]} 22. Rxe4 {[%emt 0:00:00]} Qxe4 {[%emt 0:00:38]} 23. Qh6 {[%emt 0:00:00]} g5 {[%emt 0:11:04]} 24. Bf6 {[%emt 0:00:00]} Qg6 {[%emt 0:01:11]} 25. Qxg6+ {[%emt 0:00:00]} hxg6 {[%emt 0:02:03]} 26. Bxd8 {[%emt 0:00:00]} Nxd8 {[%emt 0:00:21]} 27. Nxg5 {[%emt 0:00:00]} f6 {[%emt 0:01:59]} 28. Re1 {[%emt 0:00:00]} Kf8 {[%emt 0:02:06]} 29. Ne4 {[%emt 0:00:00]} Kf7 {[%emt 0:01:15]} 30. d6 {[%emt 0:00:00]} c6 {[%emt 0:01:41]} 31. Nc5 {[%emt 0:00:00]} b6 {[%emt 0:01:21]} 32. Re7+ {[%emt 0:00:00]} Kg8 {[%emt 0:00:37]} 33. Re8+ {[%emt 0:00:00]} Kf7 {[%emt 0:00:13]} 34. Rxd8 {[%emt 0:00:00]} bxc5 {[%emt 0:00:08]} 35. Rc8 {[%emt 0:00:00]} Ke6 {[%emt 0:01:12]} 36. Rxc6 {[%emt 0:00:00]} Kd7 {[%emt 0:00:58]} 37. Rxc5 {[%emt 0:00:00]} a6 {[%emt 0:00:37]} 38. Ra5 {[%emt 0:00:00]} Bc4 {[%emt 0:00:17]} 39. Ra4 {[%emt 0:00:00]} Bb5 {[%emt 0:00:13]} 40. Rd4 {[%emt 0:00:00]} Ke6 {[%emt 0:00:20]} 41. g4 {[%emt 0:00:00]} g5 {[%emt 0:00:26]} 42. Kg2 {[%emt 0:00:00]} Bd7 {[%emt 0:00:33]} 43. Kf3 {[%emt 0:00:00]} Ke5 {[%emt 0:00:17]} 44. Ke3 {[%emt 0:00:00]} Ke6 {[%emt 0:00:09]} 45. f4 {[%emt 0:00:00]} Bc6 {[%emt 0:00:38]} 46. fxg5 {[%emt 0:00:00]} fxg5 {[%emt 0:00:08]} 47. Kf2 {[%emt 0:00:00]} Bd7 {[%emt 0:00:58]} 48. Kg3 {[%emt 0:00:00]} Ke5 {[%emt 0:00:12]} 49. Rd2 {[%emt 0:00:00]} Ke6 {[%emt 0:00:32]} 50. h4 {[%emt 0:00:00]} 1-0

[Event "Gonzaga Classic Masters 2020"]
[Site "Dublin/"]
[Date "2020.01.26"]
[Round "5.13"]
[White "Haque, Muhtarim-Ul"]
[Black "Burke, Kevin A."]
[Result "1/2-1/2"]
[WhiteElo "2045"]
[BlackElo "1851"]
[Annotator "NA"]
[PlyCount "39"]
[EventDate "2020.01.24"]
[EventType "swiss"]
[EventCountry "IRL"]
[SourceTitle "playchess.com"]
[Source "ChessBase"]
[SourceQuality "1"]
[TimeControl "5400+30"]

1. d4 {[%emt 0:00:00]} e6 {[%emt 0:00:00]} 2. c4 {[%emt 0:00:00]} f5 {[%emt 0:00:00]} 3. Nc3 {[%emt 0:00:00]} Nf6 {[%emt 0:00:00]} 4. e3 {[%emt 0:00:09]} Bb4 {[%emt 0:00:00]} 5. Nge2 {[%emt 0:00:09]} b6 {[%emt 0:01:45]} 6. a3 {[%emt 0:00:12]} Bxc3+ {[%emt 0:00:18]} 7. Nxc3 {[%emt 0:00:06]} Bb7 {[%emt 0:00:12]} 8. d5 {[%emt 0:00:27]} O-O {[%emt 0:07:21]} 9. Be2 {[%emt 0:02:01]} a5 {[%emt 0:07:27]} 10. b3 {[%emt 0:01:34]} Na6 {[%emt 0:07:44]} 11. Bb2 {[%emt 0:02:15]} e5 {[%emt 0:06:56]} 12. O-O {[%emt 0:00:32]} Qe8 {[%emt 0:03:21]} 13. Qc2 {[%emt 0:04:11]} d6 {[%emt 0:02:28]} 14. f4 {[%emt 0:03:32]} exf4 {[%emt 0:05:07]} 15. exf4 {[%emt 0:04:44]} Qe3+ {[%emt 0:01:00]} 16. Kh1 {[%emt 0:00:07]} Ne4 {[%emt 0:00:23]} 17. Nxe4 {[%emt 0:07:07]} fxe4 {[%emt 0:00:35]} 18. Bc1 {[%emt 0:07:14]} Qd4 {[%emt 0:02:50]} 19. Bb2 {[%emt 0:00:19]} Qe3 {[%emt 0:00:16]} 20. Bc1 {[%emt 0:00:22]} 1/2-1/2

[Event "Gonzaga Classic Masters 2020"]
[Site "Dublin/"]
[Date "2020.01.26"]
[Round "5.14"]
[White "Murray, Benjamin"]
[Black "Manojlovic, Mihailo"]
[Result "0-1"]
[WhiteElo "1740"]
[BlackElo "2011"]
[Annotator "NA"]
[PlyCount "88"]
[EventDate "2020.01.24"]
[EventType "swiss"]
[EventCountry "IRL"]
[SourceTitle "playchess.com"]
[Source "ChessBase"]
[SourceQuality "1"]
[TimeControl "5400+30"]

1. e4 {[%emt 0:00:00]} e6 {[%emt 0:00:00]} 2. d4 {[%emt 0:00:00]} d5 {[%emt 0:00:00]} 3. Nc3 {[%emt 0:00:00]} Bb4 {[%emt 0:00:00]} 4. e5 {[%emt 0:00:00]} c5 {[%emt 0:00:00]} 5. a3 {[%emt 0:00:00]} Bxc3+ {[%emt 0:00:00]} 6. bxc3 {[%emt 0:00:08]} Ne7 {[%emt 0:00:00]} 7. Qg4 {[%emt 0:00:14]} cxd4 {[%emt 0:00:01]} 8. Qxg7 {[%emt 0:00:10]} Rg8 {[%emt 0:00:05]} 9. Qxh7 {[%emt 0:00:09]} Qc7 {[%emt 0:00:05]} 10. Ne2 {[%emt 0:00:09]} Nbc6 {[%emt 0:00:20]} 11. f4 {[%emt 0:00:20]} dxc3 {[%emt 0:00:08]} 12. h4 {[%emt 0:00:16]} Bd7 {[%emt 0:00:37]} 13. h5 {[%emt 0:00:24]} O-O-O {[%emt 0:00:44]} 14. Qd3 {[%emt 0:00:07]} Nf5 {[%emt 0:06:24]} 15. Rb1 {[%emt 0:01:11]} d4 {[%emt 0:01:21]} 16. Rg1 {[%emt 0:00:50]} Nh6 {[%emt 0:15:37]} 17. Ng3 {[%emt 0:08:13]} f6 {[%emt 0:13:24]} 18. exf6 {[%emt 0:01:00]} e5 {[%emt 0:00:26]} 19. Ne4 {[%emt 0:24:26]} exf4 {[%emt 0:00:45]} 20. Be2 {[%emt 0:00:31]} Bf5 {[%emt 0:03:24]} 21. Qb5 {[%emt 0:18:41]} Bxe4 {[%emt 0:18:46]} 22. Bxf4 {[%emt 0:00:45]} Qd7 {[%emt 0:00:22]} 23. Bxh6 {[%emt 0:01:39]} Bxc2 {[%emt 0:00:54]} 24. f7 {[%emt 0:12:07]} Qxf7 {[%emt 0:01:34]} 25. Qxc6+ {[%emt 0:04:35]} bxc6 {[%emt 0:02:23]} 26. Ba6+ {[%emt 0:00:05]} Kd7 {[%emt 0:00:12]} 27. Rb7+ {[%emt 0:00:13]} Ke8 {[%emt 0:00:22]} 28. Rxf7 {[%emt 0:00:09]} Kxf7 {[%emt 0:00:20]} 29. Bc4+ {[%emt 0:00:04]} Ke7 {[%emt 0:00:30]} 30. Bxg8 {[%emt 0:00:10]} Rxg8 {[%emt 0:00:08]} 31. g4 {[%emt 0:00:25]} d3 {[%emt 0:01:05]} 32. Be3 {[%emt 0:01:36]} Kd6 {[%emt 0:03:01]} 33. Bf4+ {[%emt 0:04:26]} Kd5 {[%emt 0:03:28]} 34. Rg2 {[%emt 0:00:36]} Re8+ {[%emt 0:00:11]} 35. Kf1 {[%emt 0:00:48]} Bd1 {[%emt 0:01:48]} 36. Ra2 {[%emt 0:02:23]} Rf8 {[%emt 0:00:21]} 37. Rf2 {[%emt 0:01:08]} Bxg4 {[%emt 0:04:07]} 38. h6 {[%emt 0:01:08]} d2 {[%emt 0:01:05]} 39. Bxd2 {[%emt 0:00:53]} cxd2 {[%emt 0:00:09]} 40. Rxf8 {[%emt 0:00:40]} d1=Q+ {[%emt 0:00:08]} 41. Kg2 {[%emt 0:00:23]} Qc2+ {[%emt 0:00:56]} 42. Kg3 {[%emt 0:00:34]} Bf5 {[%emt 0:00:29]} 43. Rd8+ {[%emt 0:00:53]} Kc5 {[%emt 0:00:55]} 44. Kh4 {[%emt 0:03:03]} Qe4+ {[%emt 0:25:25]} 0-1